00433nam a2200181Ia 4500003000400000008004100004040001600045082001700061100001500078245003900093700002100132260002000153300001000173650001500183650001200198650001900210650002200229GCL140319s9999 xx 000 0 eng d aGCL / cGCL04aCHb843bU B1 aBON, DENIS10aUN BON PETIT DIABLE / cBON, DENIS1 aLAVERDET, MARCEL a[S.N] : bHEMMA a156 P04aLITERATURE04aFICTION04aFRENCH FICTION04aFRENCH LITERATURE